[Event "HUN-chT2 Erkel 1819"]
[Site "Hungary"]
[Date "2019.03.31"]
[Round "8.2"]
[White "Pal, Geza"]
[Black "Horvath, Gabor"]
[Result "1-0"]
[WhiteElo "2111"]
[BlackElo "2143"]
[PlyCount "63"]
[EventDate "2018.10.28"]
[EventType "team-tourn"]
[EventRounds "9"]
[EventCountry "HUN"]
[SourceTitle "EXT 2021"]
[Source "ChessBase"]
[SourceDate "2020.10.23"]
[SourceVersion "1"]
[SourceVersionDate "2020.10.23"]
[SourceQuality "1"]
[WhiteTeam "Fot"]
[BlackTeam "Varosgazda Akademia"]
[WhiteTeamCountry "HUN"]
[BlackTeamCountry "HUN"]

1. d4 Nf6 2. Nf3 g6 3. g3 Bg7 4. Bg2 0-0 5. 0-0 d6 6. Nc3 Na6 7. e3 c5 8. Qe2 Rb8 9. Rd1 Bd7 10. e4 cxd4 11. Nxd4 Nc5 12. Nd5 Re8 13. h3 Ne6 14. Be3 Qa5 15. Nb3 Qa6 16. Qxa6 bxa6 17. Bxa7 Rb7 18. Be3 a5 19. Nb6 Rxb6 20. Bxb6 a4 21. Nd4 Ng5 22. e5 dxe5 23. Nc6 Nxh3+ 24. Bxh3 Bxc6 25. Rd8 Rxd8 26. Bxd8 Kf8 27. Bc7 Nd5 28. Bg2 e4 29. Bxe4 Bxb2 30. Rd1 Nb4 31. Rd8+ Kg7 32. Rb8 1-0

[Event "Bunratty Masters 26th"]
[Site "Bunratty"]
[Date "2019.02.24"]
[Round "5"]
[White "Lalic, Bogdan"]
[Black "Horvath, Gabor"]
[Result "1-0"]
[WhiteElo "2406"]
[BlackElo "2252"]
[PlyCount "45"]
[EventDate "2019.02.22"]
[EventType "swiss"]
[EventRounds "6"]
[EventCountry "IRL"]
[SourceTitle "EXT 2024"]
[Source "ChessBase"]
[SourceDate "2023.10.10"]
[SourceVersion "1"]
[SourceVersionDate "2023.10.10"]
[SourceQuality "1"]

1. d4 d5 2. c4 dxc4 3. e4 Nc6 4. Nf3 Nf6 5. Nc3 Bg4 6. Be3 e6 7. Bxc4 Bb4 8. Qd3 Bxf3 9. gxf3 0-0 10. a3 Bxc3+ 11. Qxc3 Nh5 12. d5 exd5 13. Bxd5 Ne7 14. Bxb7 Rb8 15. Rd1 Qe8 16. Bd5 Nxd5 17. Rxd5 Nf6 18. Rg1 Qe6 19. Re5 Qa6 20. Bh6 g6 21. Rf5 Rb6 22. Bxf8 Kxf8 23. Rc5 1-0

[Event "HUN-chT2 Erkel 1718"]
[Site "Hungary"]
[Date "2018.03.25"]
[Round "10.1"]
[White "Juracsik, Jozsef"]
[Black "Horvath, Gabor"]
[Result "1/2-1/2"]
[WhiteElo "2102"]
[BlackElo "2159"]
[PlyCount "67"]
[EventDate "2017.09.24"]
[EventType "team-tourn"]
[EventRounds "11"]
[EventCountry "HUN"]
[SourceTitle "EXT 2021"]
[Source "ChessBase"]
[SourceDate "2020.10.23"]
[SourceVersion "1"]
[SourceVersionDate "2020.10.23"]
[SourceQuality "1"]
[WhiteTeam "Andornaktalya"]
[BlackTeam "Budapest MAFC"]
[WhiteTeamCountry "HUN"]
[BlackTeamCountry "HUN"]

1. Nf3 Nf6 2. g3 g6 3. Bg2 Bg7 4. c4 d6 5. d4 0-0 6. Nc3 Nbd7 7. 0-0 e5 8. e4 c6 9. h3 a5 10. dxe5 dxe5 11. Be3 Qe7 12. Qc2 Nc5 13. Rad1 Nfd7 14. Nh4 Ne6 15. Ne2 Ndc5 16. Kh2 Bd7 17. b3 Rad8 18. Rd2 Bc8 19. Rfd1 Rxd2 20. Rxd2 Rd8 21. Rxd8+ Qxd8 22. Qd2 Qxd2 23. Bxd2 a4 24. b4 Nd3 25. Kg1 Nd4 26. Nxd4 exd4 27. Bf1 Nb2 28. Bc1 a3 29. Nf3 f5 30. e5 Be6 31. Nxd4 Bxc4 32. Bxb2 Bxf1 33. Bxa3 Bxh3 34. f4 1/2-1/2

[Event "HUN-chT2 Erkel 1718"]
[Site "Hungary"]
[Date "2018.03.04"]
[Round "9.1"]
[White "Horvath, Gabor"]
[Black "Horvath, Andras"]
[Result "0-1"]
[WhiteElo "2159"]
[BlackElo "2287"]
[PlyCount "96"]
[EventDate "2017.09.24"]
[EventType "team-tourn"]
[EventRounds "11"]
[EventCountry "HUN"]
[SourceTitle "EXT 2021"]
[Source "ChessBase"]
[SourceDate "2020.10.23"]
[SourceVersion "1"]
[SourceVersionDate "2020.10.23"]
[SourceQuality "1"]
[WhiteTeam "Budapest MAFC"]
[BlackTeam "Budapest EAC"]
[WhiteTeamCountry "HUN"]
[BlackTeamCountry "HUN"]

1. e4 c5 2. Nf3 d6 3. d4 cxd4 4. Nxd4 Nf6 5. Nc3 a6 6. g3 e5 7. Nb3 Qc7 8. Bg2 b5 9. 0-0 Be7 10. a3 Be6 11. h3 h5 12. Bg5 Nbd7 13. f4 Rc8 14. Rc1 Nb6 15. Nd5 Bxd5 16. exd5 Nc4 17. fxe5 dxe5 18. Bxf6 Bxf6 19. Qe2 Nxb2 20. Kh1 Qc4 21. Qf3 Qc3 22. Qf5 Rd8 23. Rf3 Qc8 24. Qe4 Qc4 25. Qe1 Qc7 26. Rf5 Nc4 27. Nd4 Qc5 28. Rd1 Nd6 29. Rxe5+ Bxe5 30. Qxe5+ Kf8 31. Rf1 Rh6 32. Ne6+ Rxe6 33. Qxe6 Qxc2 34. Qe5 Qg6 35. Qc3 Kg8 36. Kh2 Re8 37. Qf3 Nc4 38. Rf2 Nd6 39. Re2 Rxe2 40. Qxe2 Qg5 41. a4 h4 42. gxh4 Qf4+ 43. Kg1 Qxa4 44. Qe5 Qa3 45. h5 Qc1+ 46. Kh2 Qh6 47. Qa1 Nf5 48. Qe5 Qd6 0-1

[Event "HUN-chT2 Erkel 1718"]
[Site "Hungary"]
[Date "2017.11.26"]
[Round "4.2"]
[White "Horvath, Gabor"]
[Black "Prorok, Marton"]
[Result "0-1"]
[WhiteElo "2159"]
[BlackElo "2332"]
[PlyCount "64"]
[EventDate "2017.09.24"]
[EventType "team-tourn"]
[EventRounds "11"]
[EventCountry "HUN"]
[SourceTitle "EXT 2021"]
[Source "ChessBase"]
[SourceDate "2020.10.23"]
[SourceVersion "1"]
[SourceVersionDate "2020.10.23"]
[SourceQuality "1"]
[WhiteTeam "Budapest MAFC"]
[BlackTeam "Sarkany DSE"]
[WhiteTeamCountry "HUN"]
[BlackTeamCountry "HUN"]

1. e4 e5 2. Nf3 Nf6 3. Nc3 Nc6 4. Be2 d5 5. exd5 Nxd5 6. 0-0 Bf5 7. Bb5 f6 8. d4 Be7 9. Nxd5 Qxd5 10. c4 Qf7 11. d5 a6 12. Ba4 0-0-0 13. Bxc6 bxc6 14. Qa4 cxd5 15. Qxa6+ Kd7 16. Qb5+ Kc8 17. c5 d4 18. Qa6+ Kd7 19. Qb5+ c6 20. Qb7+ Ke8 21. Qxc6+ Bd7 22. Qb6 Qd5 23. b4 Ra8 24. Bb2 Kf7 25. Rfe1 Rhb8 26. Qc7 Rb7 27. Nxe5+ fxe5 28. Rxe5 Qxg2+ 29. Kxg2 Rxc7 30. Kg3 Rc6 31. f4 Rg6+ 32. Kf2 Bh4+ 0-1

[Event "HUN-chT2 Erkel 1718"]
[Site "Hungary"]
[Date "2017.10.29"]
[Round "3.1"]
[White "Horvath, Gabor"]
[Black "Vereb, Gabor"]
[Result "1/2-1/2"]
[WhiteElo "2159"]
[BlackElo "2205"]
[PlyCount "118"]
[EventDate "2017.09.24"]
[EventType "team-tourn"]
[EventRounds "11"]
[EventCountry "HUN"]
[SourceTitle "EXT 2021"]
[Source "ChessBase"]
[SourceDate "2020.10.23"]
[SourceVersion "1"]
[SourceVersionDate "2020.10.23"]
[SourceQuality "1"]
[WhiteTeam "Budapest MAFC"]
[BlackTeam "Szada GSBE"]
[WhiteTeamCountry "HUN"]
[BlackTeamCountry "HUN"]

1. e4 e5 2. Nf3 Nc6 3. Bc4 Nf6 4. d3 Be7 5. c3 0-0 6. Nbd2 d6 7. Bb3 Kh8 8. Nf1 h6 9. Ng3 Na5 10. Bc2 c5 11. 0-0 Nc6 12. Re1 b5 13. h3 b4 14. d4 bxc3 15. bxc3 Qa5 16. Bd2 Qc7 17. d5 Na5 18. Nh4 Ng8 19. Nhf5 Kh7 20. Qe2 Rb8 21. Rab1 Bxf5 22. Nxf5 g6 23. Nxe7 Nxe7 24. Qa6 c4 25. Be3 Rfc8 26. Qxa7 Ra8 27. Qb6 f5 28. f3 f4 29. Bf2 Qd7 30. Qb5 Rc7 31. Qxd7 Rxd7 32. Ba4 Rb7 33. Rxb7 Nxb7 34. Bc6 Nxc6 35. dxc6 Nd8 36. c7 Ne6 37. Bb6 Rc8 38. Rd1 Nxc7 39. Rxd6 Nb5 40. Rd7+ Kg8 41. Ba5 Ra8 42. Bb4 Rxa2 43. Rd5 Na3 44. Ra5 Ra1+ 45. Kh2 Nc2 46. Rxa1 Nxa1 47. Bd6 Kf7 48. Bxe5 g5 49. g3 fxg3+ 50. Kxg3 Nb3 51. Kg4 Kg6 52. h4 h5+ 53. Kg3 gxh4+ 54. Kxh4 Nd2 55. Kg3 h4+ 56. Kf2 h3 57. Bf4 Nb1 58. Kg3 Nxc3 59. Kxh3 Ne2 1/2-1/2

[Event "HUN-chT2 Erkel 1617"]
[Site "Hungary"]
[Date "2017.01.29"]
[Round "7.1"]
[White "Horvath, Gabor"]
[Black "Vereb, Gabor"]
[Result "1-0"]
[WhiteElo "2163"]
[BlackElo "2205"]
[PlyCount "85"]
[EventDate "2016.09.25"]
[EventType "team-tourn"]
[EventRounds "11"]
[EventCountry "HUN"]
[SourceTitle "EXT 2021"]
[Source "ChessBase"]
[SourceDate "2020.10.23"]
[SourceVersion "1"]
[SourceVersionDate "2020.10.23"]
[SourceQuality "1"]
[WhiteTeam "Budapest MAFC"]
[BlackTeam "Szada GSBE"]
[WhiteTeamCountry "HUN"]
[BlackTeamCountry "HUN"]

1. e4 c5 2. Nc3 Nc6 3. f4 g6 4. Nf3 Bg7 5. Bb5 Nd4 6. a4 a6 7. Bc4 d6 8. 0-0 e6 9. f5 gxf5 10. d3 Ne7 11. Bg5 Rb8 12. a5 f6 13. Bd2 0-0 14. Na4 fxe4 15. dxe4 f5 16. Nxd4 Bxd4+ 17. Kh1 d5 18. Bf4 dxc4 19. Bxb8 Nc6 20. Bf4 Qxa5 21. exf5 exf5 22. Qe2 b5 23. c3 Bf6 24. Nxc5 Qb6 25. Qf2 a5 26. Bh6 Rd8 27. Rad1 Rxd1 28. Rxd1 Kf7 29. Be3 Qc7 30. Qf3 Ne5 31. Qh5+ Kg8 32. Qe8+ Kg7 33. Ne6+ Bxe6 34. Qxe6 Nd3 35. Qxf5 Qe5 36. Qd7+ Kg6 37. Rf1 Qe4 38. Qd6 Qe5 39. Qb6 Qe7 40. Bd4 Ne5 41. Qxb5 Qc7 42. Qe8+ Kg7 43. Qe6 1-0

[Event "HUN-chT2 Erkel 1617"]
[Site "Hungary"]
[Date "2016.11.27"]
[Round "5.2"]
[White "Horvath, Gabor"]
[Black "Ngo Tan, Don"]
[Result "0-1"]
[WhiteElo "2163"]
[BlackElo "2308"]
[PlyCount "84"]
[EventDate "2016.09.25"]
[EventType "team-tourn"]
[EventRounds "11"]
[EventCountry "HUN"]
[SourceTitle "EXT 2021"]
[Source "ChessBase"]
[SourceDate "2020.10.23"]
[SourceVersion "1"]
[SourceVersionDate "2020.10.23"]
[SourceQuality "1"]
[WhiteTeam "Budapest MAFC"]
[BlackTeam "Budapest EAC"]
[WhiteTeamCountry "HUN"]
[BlackTeamCountry "HUN"]

1. e4 c5 2. Nc3 Nc6 3. f4 g6 4. Nf3 Bg7 5. Bb5 Nd4 6. 0-0 e6 7. a4 Ne7 8. Nxd4 Bxd4+ 9. Kh1 0-0 10. f5 exf5 11. Qf3 fxe4 12. Nxe4 d5 13. Nf6+ Bxf6 14. Qxf6 Nf5 15. Qc3 b6 16. b4 d4 17. Qf3 Be6 18. Bc6 Rc8 19. b5 Nh4 20. Qg3 Nf5 21. Qf3 Ne7 22. Bb7 Bd5 23. Bxd5 Qxd5 24. Qf6 Nf5 25. d3 Rfe8 26. Bf4 Re2 27. Rg1 Rce8 28. a5 Rf2 29. Qg5 h6 30. Qg4 Ree2 31. axb6 axb6 32. h4 h5 33. Qg5 Kg7 34. Ra7 Qe6 35. Rc7 Re1 36. Rc6 Rxg1+ 37. Kxg1 Qe1+ 38. Kh2 Kh7 39. Rc7 Qe6 40. Rc6 Qd5 41. Rxb6 Rxc2 42. Rb8 f6 0-1

[Event "HUN-chT2 Erkel 1516"]
[Site "Hungary"]
[Date "2016.04.17"]
[Round "11.1"]
[White "Horvath, Gabor"]
[Black "Petran, Pal"]
[Result "0-1"]
[WhiteElo "2213"]
[BlackElo "2293"]
[PlyCount "68"]
[EventDate "2015.09.13"]
[EventType "team-tourn"]
[EventRounds "11"]
[EventCountry "HUN"]
[SourceTitle "EXT 2017"]
[Source "ChessBase"]
[SourceDate "2016.10.25"]
[SourceVersion "1"]
[SourceVersionDate "2016.10.25"]
[SourceQuality "1"]
[WhiteTeam "MAFC"]
[BlackTeam "HASE"]
[WhiteTeamCountry "HUN"]
[BlackTeamCountry "HUN"]

1. e4 e5 2. Nf3 Nc6 3. Bc4 Bc5 4. c3 Nf6 5. d3 0-0 6. Bb3 d6 7. Nbd2 Ne7 8. Nf1 Ng6 9. Ng3 Bb6 10. 0-0 c6 11. h3 Re8 12. Re1 h6 13. d4 Be6 14. Qc2 Qc7 15. Be3 Rad8 16. Rad1 Bxb3 17. Qxb3 exd4 18. Bxd4 Ne5 19. Nh4 d5 20. Nhf5 c5 21. Bxe5 Qxe5 22. exd5 Qxe1+ 23. Rxe1 Rxe1+ 24. Kh2 Rxd5 25. Ne3 Rd2 26. Nc4 Rxf2 27. Nxb6 axb6 28. Qxb6 Rd1 29. Qxb7 Rdd2 30. b4 cxb4 31. cxb4 Nd5 32. Qb8+ Kh7 33. Ne4 Rxg2+ 34. Kh1 Rxa2 0-1

[Event "HUN-chT2 Erkel 1516"]
[Site "Hungary"]
[Date "2016.03.20"]
[Round "9.1"]
[White "Horvath, Gabor"]
[Black "Lyell, Mark"]
[Result "0-1"]
[WhiteElo "2213"]
[BlackElo "2167"]
[PlyCount "44"]
[EventDate "2015.09.13"]
[EventType "team-tourn"]
[EventRounds "11"]
[EventCountry "HUN"]
[SourceTitle "EXT 2017"]
[Source "ChessBase"]
[SourceDate "2016.10.25"]
[SourceVersion "1"]
[SourceVersionDate "2016.10.25"]
[SourceQuality "1"]
[WhiteTeam "MAFC"]
[BlackTeam "Budapest MTK II"]
[WhiteTeamCountry "HUN"]
[BlackTeamCountry "HUN"]

1. e4 e5 2. Nf3 Nc6 3. Bc4 Nf6 4. d3 Be7 5. c3 0-0 6. Nbd2 d5 7. Bb3 Be6 8. 0-0 Qd7 9. Ba4 Bd6 10. Ng5 Bg4 11. Qb3 Be2 12. exd5 Na5 13. Qc2 Qf5 14. Re1 Bxd3 15. Qd1 h6 16. Ngf3 Nxd5 17. Nh4 Qh7 18. b4 Nxc3 19. Qg4 Nxa4 20. bxa5 b5 21. axb6 axb6 22. Nc4 f5 0-1

[Event "Level op-A 4th"]
[Site "Level"]
[Date "2016.03.11"]
[Round "1"]
[White "Horvath, Gabor"]
[Black "Erky, Tamas"]
[Result "1-0"]
[WhiteElo "1999"]
[BlackElo "1681"]
[PlyCount "69"]
[EventDate "2016.03.11"]
[EventType "swiss"]
[EventRounds "7"]
[EventCountry "HUN"]
[SourceTitle "EXT 2017"]
[Source "ChessBase"]
[SourceDate "2016.10.25"]
[SourceVersion "1"]
[SourceVersionDate "2016.10.25"]
[SourceQuality "1"]

1. d4 Nf6 2. c4 e6 3. Nf3 d5 4. Nc3 Be7 5. Bg5 h6 6. Bh4 0-0 7. Rc1 Nbd7 8. e3 c6 9. Bd3 Re8 10. 0-0 dxc4 11. Bxc4 Nb6 12. Bd3 Nbd5 13. Bb1 Nxc3 14. Rxc3 Nd5 15. Bxe7 Qxe7 16. Rc1 Bd7 17. Qc2 f5 18. a3 Nf6 19. Ne5 Rad8 20. Qc5 Qxc5 21. dxc5 Bc8 22. Nc4 Rd5 23. Nd6 Rd8 24. Ba2 Re5 25. Rfe1 g5 26. f4 gxf4 27. exf4 Rxe1+ 28. Rxe1 Kg7 29. Bxe6 Bxe6 30. Rxe6 Kg6 31. Nxb7 Rd1+ 32. Kf2 Rd2+ 33. Re2 Ne4+ 34. Ke3 Rd5 35. Rc2 1-0

[Event "HUN-chT4 Chalupetzky 1516"]
[Site "Fertoszentmiklos"]
[Date "2015.10.11"]
[Round "1.1"]
[White "Horvath, Gabor"]
[Black "Banszegi, Attila"]
[Result "1/2-1/2"]
[WhiteElo "1999"]
[BlackElo "2018"]
[PlyCount "24"]
[EventDate "2015.10.11"]
[EventType "team-tourn"]
[EventRounds "7"]
[EventCountry "HUN"]
[SourceTitle "EXT 2017"]
[Source "ChessBase"]
[SourceDate "2016.10.25"]
[SourceVersion "1"]
[SourceVersionDate "2016.10.25"]
[SourceQuality "1"]
[WhiteTeam "Level KSE"]
[BlackTeam "Toltestava Tornado"]
[WhiteTeamCountry "HUN"]
[BlackTeamCountry "HUN"]

1. d4 Nf6 2. c4 g6 3. Nc3 d5 4. cxd5 Nxd5 5. Bd2 Bg7 6. e4 Nb6 7. Be3 Nc6 8. Bb5 0-0 9. Nge2 Na5 10. b3 a6 11. Bd3 Nc6 12. Bc2 Nb4 1/2-1/2

[Event "Level op-A 3rd"]
[Site "Level"]
[Date "2015.03.29"]
[Round "6"]
[White "Horvath, Gabor"]
[Black "Erky, Tamas"]
[Result "1/2-1/2"]
[WhiteElo "2029"]
[BlackElo "1624"]
[PlyCount "57"]
[EventDate "2015.03.27"]
[EventType "swiss"]
[EventRounds "7"]
[EventCountry "HUN"]
[SourceTitle "EXT 2020"]
[Source "ChessBase"]
[SourceDate "2019.10.17"]
[SourceVersion "1"]
[SourceVersionDate "2019.10.17"]
[SourceQuality "1"]

1. d4 Nf6 2. c4 e6 3. Nf3 d5 4. Nc3 Be7 5. Bg5 h6 6. Bh4 Nbd7 7. e3 c6 8. Qc2 0-0 9. Rd1 Re8 10. Bd3 dxc4 11. Bxc4 Nb6 12. Bb3 Nbd5 13. a3 Nxc3 14. Bxf6 Bxf6 15. Qxc3 Qb6 16. 0-0 Bd7 17. Nd2 Rad8 18. Ne4 Be7 19. Ba2 Bc8 20. Qb3 Qa5 21. Rc1 Qd5 22. Qxd5 exd5 23. Nc5 Bxc5 24. Rxc5 Re6 25. Bb1 g6 26. Bd3 a6 27. Rfc1 Re7 28. h4 h5 29. a4 1/2-1/2

[Event "Level op-A 3rd"]
[Site "Level"]
[Date "2015.03.28"]
[Round "4"]
[White "Gombocz, Zsofia"]
[Black "Horvath, Gabor"]
[Result "1/2-1/2"]
[WhiteElo "1762"]
[BlackElo "2029"]
[PlyCount "69"]
[EventDate "2015.03.27"]
[EventType "swiss"]
[EventRounds "7"]
[EventCountry "HUN"]
[SourceTitle "EXT 2020"]
[Source "ChessBase"]
[SourceDate "2019.10.17"]
[SourceVersion "1"]
[SourceVersionDate "2019.10.17"]
[SourceQuality "1"]

1. e4 c5 2. Nf3 d6 3. Bb5+ Bd7 4. Bxd7+ Qxd7 5. c4 Nc6 6. d4 cxd4 7. Nxd4 Nf6 8. Nc3 e6 9. Be3 Be7 10. 0-0 0-0 11. Rc1 Rfc8 12. b3 Ne8 13. f4 Bf6 14. Ndb5 Rd8 15. f5 a6 16. Nd4 Nxd4 17. Bxd4 Qc7 18. Rf3 Bxd4+ 19. Qxd4 b5 20. Ne2 e5 21. Qd2 Qc5+ 22. Kh1 b4 23. Rcf1 Nf6 24. Ng3 a5 25. Qg5 h6 26. Qh4 a4 27. Nh5 Nxh5 28. Qxh5 f6 29. Rg3 Kf8 30. Rxg7 Kxg7 31. Qg6+ Kf8 32. Qxf6+ Ke8 33. Qe6+ Kf8 34. Qxh6+ Ke8 35. Qe6+ 1/2-1/2

[Event "Level op-A 3rd"]
[Site "Level"]
[Date "2015.03.28"]
[Round "5"]
[White "Horvath, Gabor"]
[Black "Borhy, Marcell Boldizsar"]
[Result "1-0"]
[WhiteElo "2029"]
[BlackElo "1800"]
[PlyCount "49"]
[EventDate "2015.03.27"]
[EventType "swiss"]
[EventRounds "7"]
[EventCountry "HUN"]
[SourceTitle "EXT 2020"]
[Source "ChessBase"]
[SourceDate "2019.10.17"]
[SourceVersion "1"]
[SourceVersionDate "2019.10.17"]
[SourceQuality "1"]

1. e4 c5 2. Nf3 d6 3. d4 cxd4 4. Nxd4 Nf6 5. Nc3 g6 6. Be2 Bg7 7. 0-0 0-0 8. f4 Nbd7 9. Nb3 b6 10. Bf3 Bb7 11. g4 Nc5 12. Qe2 Ba6 13. Nb5 Qd7 14. Nxc5 bxc5 15. a4 Rab8 16. g5 Ne8 17. c4 Nc7 18. Bg4 e6 19. f5 Nxb5 20. axb5 Bd4+ 21. Be3 Bxe3+ 22. Qxe3 Bb7 23. f6 h5 24. Bxh5 d5 25. Bg4 1-0

[Event "HUN-chT2 Breyer 1415"]
[Site "Hungary"]
[Date "2014.10.12"]
[Round "?"]
[White "Gyurkovics, Bence"]
[Black "Horvath, Gabor"]
[Result "1-0"]
[WhiteElo "2207"]
[BlackElo "2245"]
[PlyCount "57"]
[EventDate "2014.09.07"]
[EventType "team-tourn"]
[EventRounds "11"]
[EventCountry "HUN"]
[SourceTitle "EXT 2016"]
[Source "ChessBase"]
[SourceDate "2015.10.08"]
[SourceVersion "1"]
[SourceVersionDate "2015.10.08"]
[SourceQuality "1"]
[WhiteTeam "Gyor UDSE"]
[BlackTeam "MAFC"]
[WhiteTeamCountry "HUN"]
[BlackTeamCountry "HUN"]

1. d4 Nf6 2. c4 g6 3. Nc3 Bg7 4. e4 d6 5. Nf3 0-0 6. Be2 e5 7. 0-0 Nc6 8. d5 Ne7 9. b4 a5 10. bxa5 c5 11. Nd2 Rxa5 12. a4 Nd7 13. Nb5 Ra6 14. Ra3 f5 15. Bb2 Nf6 16. f4 exf4 17. e5 Ng4 18. Bxg4 fxg4 19. Qa1 Nf5 20. Ne4 Ne3 21. Rc1 Qh4 22. e6 g3 23. h3 Bxb2 24. Qxb2 Qe7 25. Nxg3 Bxe6 26. dxe6 Qxe6 27. Nc7 Qe7 28. Nxa6 fxg3 29. Qe2 1-0

[Event "NCC op"]
[Site "Ireland"]
[Date "2014.04.27"]
[Round "3"]
[White "Bruin, Randolf Willem"]
[Black "Horvath, Gabor"]
[Result "1/2-1/2"]
[WhiteElo "1983"]
[BlackElo "2231"]
[PlyCount "82"]
[EventDate "2014.04.26"]
[EventType "swiss"]
[EventRounds "9"]
[EventCountry "IRL"]
[SourceTitle "EXT 2015"]
[Source "ChessBase"]
[SourceDate "2014.11.20"]
[SourceVersion "1"]
[SourceVersionDate "2014.11.20"]
[SourceQuality "1"]

1. Nf3 Nf6 2. d4 g6 3. Bf4 Bg7 4. e3 0-0 5. h3 d6 6. Bc4 Nbd7 7. 0-0 Qe8 8. c3 e5 9. dxe5 dxe5 10. Bh2 Qe7 11. Nbd2 a6 12. Qc2 b6 13. Rad1 Bb7 14. a3 Kh8 15. Be2 Rfe8 16. Rfe1 e4 17. Nd4 Ne5 18. Nc4 Nfd7 19. Nxe5 Bxe5 20. Rd2 Bxh2+ 21. Kxh2 Ne5 22. c4 c5 23. Nb3 Kg8 24. Red1 Rad8 25. Rxd8 Rxd8 26. Rxd8+ Qxd8 27. Qd2 Qc7 28. Kg1 Kf8 29. Nc1 Ke7 30. Na2 Qd6 31. Qxd6+ Kxd6 32. Kf1 Bc8 33. Nc3 f5 34. Ke1 Be6 35. b3 g5 36. a4 Nd7 37. f3 Nf6 38. fxe4 fxe4 39. Kf2 Ke5 40. Bd1 h5 41. Bc2 Bd7 1/2-1/2

[Event "HUN-chT2 Erkel 1314"]
[Site "Hungary"]
[Date "2014.04.27"]
[Round "11"]
[White "Mede, Istvan"]
[Black "Horvath, Gabor"]
[Result "1/2-1/2"]
[WhiteElo "2302"]
[BlackElo "2257"]
[PlyCount "61"]
[EventDate "2013.09.08"]
[EventType "team-tourn"]
[EventRounds "11"]
[EventCountry "HUN"]
[SourceTitle "EXT 2016"]
[Source "ChessBase"]
[SourceDate "2015.10.08"]
[SourceVersion "1"]
[SourceVersionDate "2015.10.08"]
[SourceQuality "1"]
[WhiteTeam "Mezokovesd"]
[BlackTeam "Budapest MAFC"]
[WhiteTeamCountry "HUN"]
[BlackTeamCountry "HUN"]

1. d4 Nf6 2. Nc3 d5 3. Bg5 Nbd7 4. Qd3 h6 5. Bh4 a6 6. e4 dxe4 7. Nxe4 Nxe4 8. Qxe4 c5 9. Nf3 g5 10. Bg3 Nf6 11. Qe5 cxd4 12. 0-0-0 Bg7 13. Nxd4 Qb6 14. Bc4 0-0 15. Qxe7 Bg4 16. f3 Rac8 17. Bb3 Nd5 18. Qe4 Nf6 19. Qd3 Bd7 20. Nf5 Bxf5 21. Qxf5 Rc6 22. Rd2 a5 23. Bf2 Qb4 24. Rd4 Qb6 25. Rhd1 Qc7 26. h4 gxh4 27. Bxh4 Rc8 28. Rd7 Nxd7 29. Rxd7 Qe5 30. Qxe5 Bxe5 31. Rxb7 1/2-1/2

[Event "Level op 2nd"]
[Site "Level"]
[Date "2014.03.29"]
[Round "4"]
[White "Horvath, Gabor"]
[Black "Banszegi, Attila"]
[Result "0-1"]
[WhiteElo "2050"]
[BlackElo "2097"]
[PlyCount "170"]
[EventDate "2014.03.28"]
[EventType "swiss"]
[EventRounds "7"]
[EventCountry "HUN"]
[SourceTitle "EXT 2020"]
[Source "ChessBase"]
[SourceDate "2019.10.17"]
[SourceVersion "1"]
[SourceVersionDate "2019.10.17"]
[SourceQuality "1"]

1. e4 e6 2. d4 d5 3. Nc3 Bb4 4. e5 c5 5. a3 Bxc3+ 6. bxc3 Nc6 7. Nf3 Nge7 8. a4 Bd7 9. Bd3 Qa5 10. Bd2 c4 11. Be2 Nc8 12. Ng5 Nd8 13. h4 h6 14. Nh3 Nb6 15. 0-0 Nc6 16. Bf3 0-0-0 17. Nf4 g6 18. Qc1 Ne7 19. g3 Nf5 20. Ng2 Nxa4 21. g4 Ne7 22. Qa3 Rde8 23. Rfb1 Qc7 24. Qb4 b5 25. Ne3 a6 26. Rxa4 bxa4 27. Bc1 Bb5 28. Ba3 Nc6 29. Qb2 Na5 30. Bd6 Qc6 31. Qa3 Nb7 32. Be7 Kb8 33. Bf6 Rhg8 34. Bg2 Rc8 35. Nf1 Rc7 36. Nd2 Ka7 37. Rb2 Rb8 38. Nb1 Qe8 39. Qb4 Qf8 40. Qxf8 Rxf8 41. Na3 Bc6 42. Bg7 Rb8 43. Bxh6 Rcc8 44. Bg7 Be8 45. Bf6 Bb5 46. h5 Kb6 47. h6 Na5 48. h7 Rh8 49. Bxh8 Rxh8 50. Kf1 Rxh7 51. Bf3 Nc6 52. Rb1 Rh8 53. Ke2 Na7 54. Ra1 Ka5 55. Ra2 Bd7 56. Bg2 Rb8 57. Kd2 Nb5 58. Bf3 g5 59. Be2 Nxa3 60. Rxa3 Rb1 61. Bd1 Kb6 62. Ke2 Kc7 63. Kd2 Kd8 64. Ke2 Ke7 65. Kd2 f6 66. exf6+ Kxf6 67. f3 e5 68. dxe5+ Kxe5 69. Ra2 Kf4 70. Ra3 Bc6 71. Be2 a5 72. Ra2 Bd7 73. Ra3 Bb5 74. Ra2 d4 75. cxd4 c3+ 76. Kxc3 Bxe2 77. Rxa4 Rb5 78. d5+ Ke3 79. d6 Rd5 80. d7 Rxd7 81. Rxa5 Rg7 82. Re5+ Kxf3 83. Kd2 Ba6 84. Re6 Bc8 85. Re3+ Kxg4 0-1